Just dying to live : (Запис № 515138)

МАРК-запис
000 -LEADER
fixed length control field 01223nam a2200277Ia 4500
001 - CONTROL NUMBER
control field justdyingtoliver00hylt
003 - CONTROL NUMBER IDENTIFIER
control field CaSfIA
005 - DATE AND TIME OF LATEST TRANSACTION
control field 20210118161814.0
007 - PHYSICAL DESCRIPTION FIXED FIELD--GENERAL INFORMATION
fixed length control field cr||||
008 - FIXED-LENGTH DATA ELEMENTS--GENERAL INFORMATION
fixed length control field 900208s1976 miu 000 0 eng d
040 ## - CATALOGING SOURCE
Original cataloging agency SBI
Transcribing agency SBI
Modifying agency CaSfIA
035 ## - SYSTEM CONTROL NUMBER
System control number (OCoLC)21018407
050 #4 - LIBRARY OF CONGRESS CALL NUMBER
Classification number BS2665.4
Item number .H9
082 #4 - DEWEY DECIMAL CLASSIFICATION NUMBER
Classification number 227.1
029 1# - (OCLC)
OCLC library identifier AU@
System control number 000043131812
100 1# - MAIN ENTRY--PERSONAL NAME
Personal name Hylton, Jim.
245 10 - TITLE STATEMENT
Title Just dying to live :
Medium [electronic resource]
Remainder of title renewal through a review of Romans /
Statement of responsibility, etc Jim Hylton.
260 ## - PUBLICATION, DISTRIBUTION, ETC. (IMPRINT)
Place of publication, distribution, etc Kalamazo, Mich. :
Name of publisher, distributor, etc Master's Press,
Date of publication, distribution, etc 1976.
300 ## - PHYSICAL DESCRIPTION
Extent 159 p. :
Dimensions 20 cm.
506 ## - RESTRICTIONS ON ACCESS NOTE
Standardized terminology for access restriction Необхідна авторизація на https://archive.org/ (створення облікового запису безкоштовно)
506 ## - RESTRICTIONS ON ACCESS NOTE
Standardized terminology for access restriction Необхідна авторизація на https://openlibrary.org/ (створення облікового запису безкоштовно)
630 00 - SUBJECT ADDED ENTRY--UNIFORM TITLE
Uniform title Bible.
Name of part/section of a work N.T.
General subdivision Roman
Form subdivision Devotional literature.
856 41 - ELECTRONIC LOCATION AND ACCESS
Uniform Resource Identifier <a href="http://www.archive.org/details/justdyingtoliver00hylt">http://www.archive.org/details/justdyingtoliver00hylt</a>
Public note Free eBook from the Internet Archive
856 42 - ELECTRONIC LOCATION AND ACCESS
Uniform Resource Identifier <a href="http://www.openlibrary.org/books/OL24226653M">http://www.openlibrary.org/books/OL24226653M</a>
Public note Additional information and access via Open Library
942 ## - ADDED ENTRY ELEMENTS (KOHA)
Koha item type ЕКнига

Немає доступних примірників.